000 00737nam a2200241Ia 4500
003 OSt
005 20220926041330.0
006 a|||||r|||| 00| 0
007 ta
008 220923b |||||||| |||| 00| 0 eng d
037 _cGeneral Book
040 _aRTL
_cRTL
_beng
041 _2eng
_aeng
082 _aX.6s, J6/UN
110 _aUnited Nations, Economic and Social Affairs (Deptt of-)
245 0 _aEconomic developments in Africa
260 _c1955
490 _v1954-55 (100p)
_aSupplement of World Economic Survey. NY UN
650 _aAfrica Economic Conditions
_932254
700 _aUnited Nations, Economic and Social Affairs (Deptt of-)
942 _hX.6s, J6/UN
_cGB
_2CC
999 _c666970
_d666970